000 00973cam a2200289 4500
008 050209n2004 000 0 eng u
020 _a1904829120
022 _a0950-3250
035 _a(Sirsi) u128739
041 _aeng
050 _a692.5
_c18
110 _aBuilding Cost Information Service
_91096
245 _aBCIS guide to daywork rates
_bcalculations of standard hourly base rates
250 _a19th ed.
260 _aLondon
_bBCIS
_c2004
300 _a78p.
_c30cm.
350 _a40
520 _aAnnual guide to daywork rates which gives model calculations of standard hourly base rates, including all 2004 wage awards. Includes rates from 1995 to date.
520 _aNo part of this can be read out over the phone.
650 _aDAYWORK RATES
650 _aBUILT ENVIRONMENT-BUILDING COSTS
650 _aLABOUR RATES
650 _aBlock management
_96220
650 _aLABOUR COSTS
690 _aBUILT ENVIRONMENT-BUILDING COSTS
942 _n0
999 _c104005
_d104005